[Event "38th Olympiad"]
[Site "Dresden GER"]
[Date "2008.11.15"]
[Round "3"]
[White "Salem,AR"]
[Black "Palac,M"]
[Result "0-1"]
[WhiteElo "2476"]
[BlackElo "2583"]
[EventDate "2008.11.13"]

1. d4 Nf6 2. c4 e6 3. Nf3 d5 4. Nc3 Bb4 5. Bg5 h6 6. Bxf6 Qxf6 7. Qb3 c5 8.
cxd5 exd5 9. a3 Bxc3+ 10. Qxc3 Nd7 11. e3 O-O 12. Be2 b6 13. O-O Bb7 14.
Rfc1 c4 15. Nd2 b5 16. a4 a6 17. Bg4 Qe7 18. Qa5 Nf6 19. Bf5 g6 20. Bc2 b4
21. e4 b3 22. e5 bxc2 23. exf6 Qxf6 24. Nf3 Bc8 25. Rxc2 Bf5 26. Rc3 Qd8
27. Qxd8 Rfxd8 28. b3 cxb3 29. Rxb3 Rab8 30. Rc3 Rdc8 31. Rc5 Rb4 32. Rxc8+
Bxc8 33. a5 Bg4 34. Rc1 Bxf3 35. Rc8+ Kg7 36. gxf3 Rb5 37. Kg2 Rxa5 38. Ra8
Kf6 39. Kg3 Ra4 40. Ra7 Ke6 41. h4 f6 42. Rb7 Kf5 43. Rb6 h5 44. Rd6 Rxd4
45. Rxa6 Rd1 46. Rd6 Ke5 47. Rd8 g5 48. hxg5 Rg1+ 49. Kh3 Rxg5 50. Re8+ Kf4
51. Re3 Rg3+ 52. Kh4 Rxf3 53. Re2 d4 54. Kxh5 d3 55. Ra2 0-1

[Event "38th Olympiad"]
[Site "Dresden GER"]
[Date "2008.11.15"]
[Round "3"]
[White "Felgaer,R"]
[Black "Belkhodja,S"]
[Result "1/2-1/2"]
[WhiteElo "2591"]
[BlackElo "2476"]
[EventDate "2008.11.13"]

1. e4 c5 2. Nf3 Nc6 3. d4 cxd4 4. Nxd4 e5 5. Nb5 d6 6. N1c3 a6 7. Na3 b5 8.
Nd5 Nf6 9. Bg5 Qa5+ 10. Bd2 Qd8 11. Bg5 Qa5+ 12. Bd2 Qd8 13. Nxf6+ Qxf6 14.
Bd3 Qg6 15. O-O Bh3 16. Qf3 Bg4 17. Qg3 Be6 18. c4 Qxg3 19. hxg3 b4 20. Nc2
a5 21. Ne3 Be7 22. Rfc1 O-O 23. Nd5 Rfb8 24. Be3 Bd8 25. c5 dxc5 26. Rxc5
Ne7 27. Nc7 Bxc7 28. Rxc7 Rd8 29. Bb5 Nc8 30. Bc6 Rb8 31. b3 h6 32. Rc1 Nd6
33. Ra7 Nb5 34. Bxb5 Rxb5 35. Rc5 Rd1+ 36. Kh2 Rxc5 37. Bxc5 Ra1 38. Rxa5
Bxb3 39. Bxb4 Rxa2 40. Rxa2 1/2-1/2

[Event "38th Olympiad"]
[Site "Dresden GER"]
[Date "2008.11.15"]
[Round "3"]
[White "Ahmed,Abdu"]
[Black "Safin,S"]
[Result "0-1"]
[WhiteElo "2246"]
[BlackElo "2510"]
[EventDate "2008.11.13"]

1. e4 e5 2. Nf3 Nc6 3. d4 exd4 4. Bc4 Nf6 5. e5 d5 6. Bb5 Ne4 7. Nxd4 Bd7
8. Bxc6 bxc6 9. O-O Bc5 10. f3 Ng5 11. Be3 Bb6 12. Qd2 h6 13. Kh1 c5 14.
Ne2 Bc6 15. Ng3 d4 16. Bxg5 hxg5 17. c4 g4 18. Qf4 gxf3 19. Rxf3 Bxf3 20.
Qxf3 Rb8 21. Nf5 Qg5 22. Na3 g6 23. Ng7+ Ke7 24. Rf1 Rbf8 25. Qf6+ Qxf6 26.
exf6+ Kd6 27. Nc2 Ba5 28. Rf3 Rb8 29. b3 Bc3 30. Na3 c6 31. Nb1 Ba5 32. g4
Ke5 33. Kg2 Rbd8 34. g5 d3 35. Re3+ Kf4 36. Rf3+ Kxg5 37. h4+ Rxh4 38. Ne6+
fxe6 0-1

[Event "38th Olympiad"]
[Site "Dresden GER"]
[Date "2008.11.15"]
[Round "3"]
[White "Mohannad,F"]
[Black "Ibrayev,N"]
[Result "1/2-1/2"]
[WhiteElo "2269"]
[BlackElo "2448"]
[EventDate "2008.11.13"]

1. d4 Nf6 2. c4 c5 3. d5 e5 4. Nc3 d6 5. e4 Be7 6. g3 Na6 7. Bg2 Nc7 8. a4
O-O 9. Nge2 b6 10. O-O a6 11. f4 Nd7 12. Be3 Rb8 13. Qd3 Bf6 14. f5 Bg5 15.
Bf2 h5 16. Kh1 Nf6 17. h3 Bd7 18. b3 g6 19. Ng1 Kg7 20. Nf3 Bh6 21. fxg6
fxg6 22. Nh4 Nh7 23. Be3 Qe7 24. Kh2 Bxe3 25. Qxe3 Qg5 26. Qxg5 Nxg5 27.
Nf3 Nf7 28. Nd2 Rb7 29. Rf2 Ng5 30. Rxf8 Kxf8 31. h4 Nh7 32. Bh3 Ke7 33.
Bxd7 Kxd7 34. Kg2 Nf6 35. Kf3 Rb8 36. Ke2 1/2-1/2

[Event "38th Olympiad"]
[Site "Dresden GER"]
[Date "2008.11.15"]
[Round "3"]
[White "Zhumabayev,R"]
[Black "Samhouri,A"]
[Result "1-0"]
[WhiteElo "2490"]
[BlackElo "2378"]
[EventDate "2008.11.13"]

1. d4 d5 2. Nf3 Nf6 3. c4 c6 4. e3 e6 5. Bd3 Nbd7 6. b3 Bd6 7. Bb2 O-O 8.
O-O Ne4 9. Ne5 Qh4 10. f3 f6 11. fxe4 fxe5 12. Rxf8+ Kxf8 13. Qf3+ Kg8 14.
g3 dxe4 15. Bxe4 Qg5 16. Nc3 Nf6 17. Bd3 exd4 18. exd4 Qd2 19. Qe2 Qxe2 20.
Nxe2 Bd7 21. Re1 Re8 22. Nc1 e5 23. c5 Bf8 24. Bc4+ Nd5 25. Rxe5 Rxe5 26.
dxe5 Bxc5+ 27. Kg2 Be6 28. Kf3 Kf7 29. Nd3 Be7 30. a4 Nc7 31. Ke4 g6 32.
Bd4 b6 33. Be3 Nd5 34. Bd2 Nc7 35. Kd4 Bd5 36. Bxd5+ Nxd5 37. Ke4 Ke6 38.
h3 c5 39. Nb2 Bd8 40. Nc4 Bc7 41. g4 a6 42. Be1 Ne7 43. Bc3 Nc6 44. Bb2 Nd8
45. Bc1 Nc6 46. Bb2 Ne7 47. Nd2 b5 48. Nf3 h6 49. Bc1 Nc6 50. Bxh6 Nxe5 51.
Ng5+ Kf6 52. axb5 axb5 53. Kd5 c4 54. Ne4+ Ke7 55. Bf4 Nxg4 56. Bg5+ Kf7
57. hxg4 cxb3 58. Bf6 Bf4 59. Bb2 Be3 60. Nd6+ Ke7 61. Nxb5 Kf7 62. Nd4 Ke7
63. Nxb3 Kf7 64. Nc5 Ke7 65. Nd3 Kf7 66. Ne5+ Kg8 67. Nxg6 Kf7 68. Ne5+ Ke7
69. Nf3 Kf7 70. Ke4 Bh6 71. Kf5 Be3 72. Bc3 Bc1 73. Bd2 Bb2 74. g5 Bg7 75.
g6+ Kg8 76. Bg5 Kf8 77. Ne5 Kg8 78. Nc6 Bb2 79. Bf6 1-0

[Event "38th Olympiad"]
[Site "Dresden GER"]
[Date "2008.11.15"]
[Round "3"]
[White "Berend,F"]
[Black "Nguyen Ngoc Truong Son"]
[Result "1/2-1/2"]
[WhiteElo "2345"]
[BlackElo "2567"]
[EventDate "2008.11.13"]

1. e4 e6 2. d4 d5 3. Nc3 Bb4 4. e5 c5 5. a3 Bxc3+ 6. bxc3 Qc7 7. Qg4 f5 8.
Qg3 Nc6 9. Ne2 cxd4 10. cxd4 Nge7 11. h4 Bd7 12. c3 Rg8 13. a4 Na5 14. Ba3
Nc4 15. Bc5 b6 16. Bd6 Qc6 17. Bxe7 Kxe7 18. Qg5+ Ke8 19. Rh3 h6 20. Qc1 g5
21. hxg5 hxg5 22. Ng3 Kd8 23. Rh6 Rf8 24. Qxg5+ Kc7 25. Qf4 Kb7 26. Rh7 Rh8
27. Rf7 Raf8 28. Rxf8 Rxf8 29. Ra2 Rc8 30. Qf3 Na5 31. Ra3 Nc4 32. Bxc4
Qxc4 33. Qd1 Rg8 34. Qe2 Qc8 35. Qf3 Qc4 36. Qe2 Qc8 37. Qf3 Qc4 38. Nf1
Bxa4 39. Nd2 Qc6 40. c4 Rg4 41. Qc3 dxc4 42. Nxc4 Kb8 43. Qb4 Rxd4 44. Qxa4
Qxa4 45. Rxa4 b5 46. Ra6 bxc4 47. Rxe6 Kb7 48. Re7+ Kb6 49. Re8 Kc7 50. Ke2
c3 51. Rh8 Rd2+ 52. Ke1 Rd5 53. Rh3 Rxe5+ 54. Kd1 Rc5 55. Kc2 Kd6 56. Re3
Kd5 57. g3 a5 58. f3 a4 1/2-1/2

[Event "38th Olympiad"]
[Site "Dresden GER"]
[Date "2008.11.15"]
[Round "3"]
[White "Jeitz,C"]
[Black "Dao Thien Hai"]
[Result "0-1"]
[WhiteElo "2251"]
[BlackElo "2510"]
[EventDate "2008.11.13"]

1. e4 c5 2. Nf3 e6 3. g3 Nc6 4. Bg2 Nf6 5. Qe2 d5 6. d3 Be7 7. O-O O-O 8.
Nbd2 a5 9. e5 Nd7 10. Re1 b5 11. Nf1 b4 12. h4 Ba6 13. N1h2 Qb6 14. Bg5
Rfc8 15. Bxe7 Nxe7 16. Qd2 Qd8 17. h5 Nf5 18. Qf4 a4 19. g4 Nd4 20. Nxd4
cxd4 21. Rac1 b3 22. axb3 axb3 23. cxb3 Nc5 24. Qxd4 Nxb3 25. Rxc8 Rxc8 26.
Qf4 Nc5 27. Rc1 Nxd3 28. Rxc8 Qxc8 29. Qd4 Nc1 30. Qb6 Ne2+ 31. Kh1 Nf4 32.
Nf3 h6 33. Kh2 Bd3 34. Qe3 Qc4 35. Nd2 Qb4 36. Bf3 Bb5 37. b3 Nd3 38. Be2
d4 39. Qf3 Qxd2 40. Qa8+ Kh7 41. Qe4+ g6 42. hxg6+ Kg7 43. gxf7 Nxf2 44.
Qf3 Kf8 45. Bxb5 Nxg4+ 46. Kg3 Nxe5 47. Qe4 Qg5+ 48. Kh3 Qf5+ 49. Qxf5 exf5
50. Kg3 Kxf7 51. Kf4 Kf6 52. b4 Ng6+ 53. Kf3 Ke5 54. Bd3 Nf4 55. Bb1 Nd5
56. b5 h5 57. Kg3 f4+ 58. Kf3 Nb6 59. Bd3 Nd5 60. Bb1 Kd6 61. Bg6 h4 62. b6
h3 63. Be4 Nc3 64. Bf5 h2 65. Kg2 Nd5 66. b7 Kc7 67. Kxh2 Kxb7 68. Bd3 Ne3
69. Kg1 Ng4 70. Be4+ Kb6 71. Kf1 Kc5 72. Ke2 Ne5 73. Kd2 Kc4 74. Bf5 d3 75.
Be4 Kd4 76. Bb7 Nc4+ 77. Ke1 Ke3 78. Be4 Kxe4 0-1

[Event "38th Olympiad"]
[Site "Dresden GER"]
[Date "2008.11.15"]
[Round "3"]
[White "Gonzales,Jay"]
[Black "Van Hoolandt,P"]
[Result "1-0"]
[WhiteElo "2469"]
[BlackElo "2231"]
[EventDate "2008.11.13"]

1. Nf3 Nf6 2. c4 e6 3. Nc3 d5 4. d4 Bb4 5. Bg5 Nbd7 6. cxd5 exd5 7. e3 c5
8. Bd3 Qa5 9. Qc2 c4 10. Bf5 O-O 11. O-O Re8 12. Nd2 g6 13. Bxd7 Nxd7 14.
a3 Bxc3 15. bxc3 Nb6 16. f3 Bd7 17. Bh6 Na4 18. Rfc1 Re6 19. Bf4 f5 20.
Rab1 Bc6 21. Rb4 b5 22. Nf1 Qd8 23. Rcb1 a6 24. h3 Qe8 25. Ra1 Qe7 26. Rbb1
Rf8 27. Re1 g5 28. Bg3 Be8 29. Qd2 Bg6 30. Nh2 Re8 31. Nf1 h6 32. Bf2 Kh7
33. Bg3 Kg8 34. Bf2 Kh7 35. Bg3 Kg8 36. Be5 Nc5 37. dxc5 Rxe5 38. Qd4 1-0

[Event "38th Olympiad"]
[Site "Dresden GER"]
[Date "2008.11.15"]
[Round "3"]
[White "Huschenbeth,N"]
[Black "Spice,A"]
[Result "1-0"]
[WhiteElo "2417"]
[BlackElo "2173"]
[EventDate "2008.11.13"]

1. e4 e6 2. d4 d5 3. Nc3 Nf6 4. e5 Nfd7 5. f4 c5 6. Nf3 Nc6 7. Be3 cxd4 8.
Nxd4 Bc5 9. Qd2 O-O 10. O-O-O a6 11. Qf2 Bxd4 12. Bxd4 b5 13. Be3 b4 14.
Na4 a5 15. h4 Ba6 16. h5 Bxf1 17. h6 g6 18. Rhxf1 Rc8 19. g4 f5 20. exf6
Nxf6 21. Qg2 Ne4 22. f5 Qe8 23. Nc5 Nxc5 24. Bxc5 Ne7 25. Qd2 Rxc5 26. Qd4
Rxc2+ 27. Kxc2 Qf7 28. fxe6 1-0

[Event "38th Olympiad"]
[Site "Dresden GER"]
[Date "2008.11.15"]
[Round "3"]
[White "Sousa,A"]
[Black "Thorhallsson,T"]
[Result "0-1"]
[WhiteElo "2210"]
[BlackElo "2455"]
[EventDate "2008.11.13"]

1. e4 c5 2. Nf3 d6 3. Nc3 Nf6 4. d3 Nc6 5. g3 g6 6. Bg2 Bg7 7. O-O O-O 8.
h3 Rb8 9. Be3 e5 10. Qd2 Nd4 11. Nh4 Nh5 12. Nd5 Be6 13. c3 Nc6 14. Qe1 Re8
15. Qd2 Ne7 16. c4 Nxd5 17. cxd5 Bd7 18. Rab1 a5 19. Kh2 Bf8 20. a3 a4 21.
b4 axb3 22. Rxb3 b5 23. Bf3 Nf6 24. Rfb1 Ra8 25. Bg2 Ra4 26. Bg5 Be7 27.
Nf3 Qa8 28. Qc1 c4 29. Rc3 cxd3 30. Bxf6 Bxf6 31. Ne1 d2 32. Qxd2 Rxa3 33.
Rc7 Ra7 34. Rc2 Rc8 35. Nd3 Bd8 36. Rxc8 Qxc8 37. Rc1 Rc7 38. Rxc7 Qxc7 39.
Bf1 Qa7 40. Qb4 Bc7 41. Kg2 f6 42. Be2 Kf7 43. Qd2 Qd4 44. Qb4 Qa1 45. g4
Ke7 46. Qd2 Qa4 47. Bf3 g5 48. h4 h6 49. hxg5 hxg5 50. Qc1 Bb6 51. Qh1 Qc2
52. Qf1 Qc4 53. Qb1 Ba5 54. Nb2 Qd4 55. Nd1 Bd2 56. Qb3 b4 57. Ne3 Bxe3 58.
fxe3 Qd2+ 59. Kg3 Qe1+ 60. Kg2 Bb5 61. Qc2 Qf1+ 62. Kg3 Qg1+ 63. Bg2 Qxe3+
64. Kh2 b3 65. Qc8 Bd7 66. Qb7 Qf4+ 0-1

[Event "38th Olympiad"]
[Site "Dresden GER"]
[Date "2008.11.15"]
[Round "3"]
[White "Adly,A"]
[Black "Juarez Flores,C"]
[Result "1-0"]
[WhiteElo "2586"]
[BlackElo "2358"]
[EventDate "2008.11.13"]

1. d4 d5 2. Nf3 c5 3. e3 Nc6 4. c3 e6 5. Bd3 Nf6 6. Nbd2 Bd6 7. O-O O-O 8.
dxc5 Bxc5 9. e4 dxe4 10. Nxe4 Be7 11. Qe2 Qc7 12. Nfg5 Nxe4 13. Qxe4 f5 14.
Qe2 Bxg5 15. Bxg5 e5 16. Bc4+ Kh8 17. Rad1 f4 18. f3 Bf5 19. Rfe1 Rae8 20.
Bxf4 Bc2 21. Qxc2 exf4 22. Bd3 Ne5 23. Be4 Nc4 24. Rd4 Ne3 25. Qd3 Qe7 26.
Bxh7 Qh4 27. Rxe3 Rxe3 28. Qxe3 Qxh7 29. Qe4 Qh4 30. g3 Qg5 31. Rd5 Qh6 32.
g4 Qb6+ 33. Kg2 Qxb2+ 34. Kh3 Qxc3 35. Rh5+ Kg8 36. Qxb7 Qe1 37. Qd5+ Rf7
38. Rf5 Qf1+ 39. Kh4 Qe1+ 40. Kh5 a6 1-0

[Event "38th Olympiad"]
[Site "Dresden GER"]
[Date "2008.11.15"]
[Round "3"]
[White "Haznedaroglu,K"]
[Black "Pan,L"]
[Result "1-0"]
[WhiteElo "2436"]
[BlackElo "2213"]
[EventDate "2008.11.13"]

1. e4 e6 2. d4 d5 3. e5 c5 4. c3 Nc6 5. Nf3 Qb6 6. a3 Nh6 7. b4 cxd4 8.
cxd4 Nf5 9. Bb2 Bd7 10. g4 Nh6 11. Rg1 f6 12. exf6 gxf6 13. Nc3 Rg8 14. h3
Rc8 15. Rc1 Nf7 16. Na4 Qd8 17. Bd3 Bh6 18. Rc2 Nxb4 19. axb4 Rxc2 20. Qxc2
Rg7 21. Nc5 b6 22. Nxd7 Qxd7 23. Kd1 Nd6 24. Re1 Re7 25. Re2 b5 26. Bc1
Bxc1 27. Qxc1 Nc4 28. Qf4 e5 29. Qxf6 Rf7 30. Qh8+ Rf8 31. Rxe5+ Nxe5 32.
Qxe5+ Kd8 33. Bf5 Qc6 34. Qb8+ Ke7 35. Qxa7+ Kf6 36. Qxh7 1-0

[Event "38th Olympiad"]
[Site "Dresden GER"]
[Date "2008.11.15"]
[Round "3"]
[White "Mathews,B"]
[Black "Yilmaz,M"]
[Result "0-1"]
[WhiteElo "2032"]
[BlackElo "2387"]
[EventDate "2008.11.13"]

1. e4 c5 2. Nf3 d6 3. d4 cxd4 4. Nxd4 Nf6 5. Nc3 a6 6. Be2 e5 7. Nb3 Be7 8.
O-O O-O 9. a4 b6 10. f4 Bb7 11. Bf3 Nbd7 12. f5 Rc8 13. Qe1 Rc4 14. Bg5 Qa8
15. Be2 Rc7 16. Bd3 Re8 17. Rd1 Bf8 18. Nd2 h6 19. Bxf6 Nxf6 20. Qe2 Rd7
21. Bc4 Red8 22. Bd3 d5 23. exd5 Nxd5 24. Nxd5 Bxd5 25. Ne4 Bb7 26. f6 g6
27. h3 Rd4 28. Nc3 e4 29. Bc4 Qc8 30. Bb3 Qc5 31. Kh1 Qg5 32. Rxd4 Rxd4 33.
Nb1 e3 34. c3 Rf4 35. Rxf4 Qxf4 36. Bd1 Bd6 0-1

[Event "38th Olympiad"]
[Site "Dresden GER"]
[Date "2008.11.15"]
[Round "3"]
[White "Liiva,R"]
[Black "Khetho,P"]
[Result "0-1"]
[WhiteElo "2460"]
[BlackElo "2229"]
[EventDate "2008.11.13"]

1. e4 d5 2. exd5 Nf6 3. d4 Nxd5 4. c4 Nb6 5. Nc3 e5 6. Qe2 Qxd4 7. Nf3 Qd8
8. Bg5 f6 9. Nxe5 Qe7 10. c5 Qxe5 11. Qxe5+ fxe5 12. cxb6 axb6 13. Bc4 h6
14. Bh4 Bg4 15. f3 Bh5 16. O-O-O g5 17. Bg3 Bd6 18. Ne4 Ke7 19. h4 g4 20.
fxg4 Bxg4 21. Rdf1 Be6 22. Bxe6 Kxe6 23. Rf6+ Ke7 24. Rhf1 Nd7 25. Rf7+ Ke6
26. Rg7 Rag8 27. Rff7 Rxg7 28. Rxg7 Bf8 29. Rg4 Kf5 30. Nf2 Nf6 31. Rc4 Rg8
32. Rc3 Bc5 33. Kd1 Bxf2 34. Bxf2 Rxg2 35. Be1 Nd5 36. Rf3+ Ke4 37. Rf7
Rxb2 38. Bd2 h5 39. Kc1 Rxa2 40. Rh7 Kd3 41. Bg5 e4 0-1

[Event "38th Olympiad"]
[Site "Dresden GER"]
[Date "2008.11.15"]
[Round "3"]
[White "Pitlagano,T"]
[Black "Sepp,O"]
[Result "0-1"]
[WhiteElo "2155"]
[BlackElo "2448"]
[EventDate "2008.11.13"]

1. e4 e5 2. Nf3 Nc6 3. Bb5 Nf6 4. O-O Nxe4 5. d4 Nd6 6. Bxc6 dxc6 7. dxe5
Nf5 8. Qxd8+ Kxd8 9. Nc3 Ne7 10. h3 h6 11. Be3 Ng6 12. Rad1+ Ke8 13. Rfe1
Bb4 14. Bd2 Bxc3 15. Bxc3 Be6 16. Nd4 Rd8 17. Nxe6 fxe6 18. Rxd8+ Kxd8 19.
g3 c5 20. Kg2 Kd7 21. Re4 h5 22. Bd2 Kc6 23. f4 b5 24. Re2 Rd8 25. Kf3 Ne7
26. g4 g6 27. Kg3 Rh8 28. Re1 c4 29. a3 Nd5 30. Rf1 hxg4 31. hxg4 Kd7 32.
Rd1 c5 33. b3 cxb3 34. cxb3 c4 35. bxc4 bxc4 36. Bc3 Kc6 37. Bd4 Rb8 38.
Bxa7 Rb3+ 39. Kh4 Rxa3 40. Rc1 Kb5 41. Bd4 Nxf4 42. Kg5 Rf3 43. Rb1+ Kc6
44. Rb6+ Kd5 45. Rd6+ Ke4 46. Ba1 c3 47. Rd4+ Kxe5 0-1

[Event "38th Olympiad"]
[Site "Dresden GER"]
[Date "2008.11.15"]
[Round "3"]
[White "Volodin,Alek"]
[Black "Barileng,G"]
[Result "1/2-1/2"]
[WhiteElo "2393"]
[BlackElo "2107"]
[EventDate "2008.11.13"]

1. d4 Nf6 2. c4 g6 3. Nc3 Bg7 4. e4 d6 5. Be2 O-O 6. Bg5 c6 7. Qd2 Nbd7 8.
h4 e5 9. d5 cxd5 10. cxd5 a5 11. f3 Nc5 12. Nh3 a4 13. Nf2 Qa5 14. Nb5 Qb6
15. Rc1 Bd7 16. Na3 Rac8 17. g4 Na6 18. Nc4 Qc7 19. O-O Nc5 20. Qb4 b5 21.
Na3 Rb8 22. Rc2 Rfc8 23. Rfc1 Qd8 24. Kg2 h6 25. Be3 Bf8 26. Rh1 Ne8 27.
Rcc1 Nc7 28. Qd2 Kh7 29. h5 g5 30. Nd3 N7a6 31. Nc2 f6 32. Rb1 Qc7 33. Rhc1
Qb7 34. Ncb4 Nxd3 35. Bxd3 Nc5 36. Rc2 Nxd3 37. Qxd3 Rxc2+ 38. Qxc2 Rc8 39.
Qd2 Be7 40. Rc1 Rxc1 41. Qxc1 Bd8 42. Nc6 Bb6 43. Bd2 Bc5 44. Nb4 Qb6 45.
Nd3 b4 46. Nxc5 Qxc5 47. Qxc5 dxc5 48. a3 b3 49. Kf2 Bb5 50. Ke1 Kg7 51.
Be3 c4 52. Bd2 Kf7 53. Bb4 Ba6 54. Kd2 Bb5 55. Kc3 Ba6 56. Bc5 Bb5 57. Be3
Ke7 58. Bc1 Ba6 59. Be3 Bb5 60. Bc5+ Ke8 61. Bf2 Kd7 62. Be1 Ba6 63. Bd2
Bb5 64. Be3 Ba6 65. Bc1 Kd6 66. Be3 Kd7 67. Bb6 Bb5 68. Bc5 Ke8 69. Bd6
1/2-1/2

[Event "38th Olympiad"]
[Site "Dresden GER"]
[Date "2008.11.15"]
[Round "3"]
[White "Harper,R"]
[Black "Sammalvuo,T"]
[Result "0-1"]
[WhiteElo "2233"]
[BlackElo "2464"]
[EventDate "2008.11.13"]

1. e4 e5 2. Nf3 Nc6 3. Bc4 Bc5 4. d3 Nf6 5. c3 a6 6. b4 Ba7 7. Nbd2 O-O 8.
O-O d6 9. Re1 Ne7 10. Nf1 Ng6 11. h3 Nh5 12. Bg5 Qe8 13. Nxe5 Nxe5 14. Qxh5
b5 15. Bb3 Nxd3 16. Re2 Qe5 17. Rd1 Nf4 18. Qh4 Nxe2+ 19. Kh1 Nxc3 20. Re1
Bxf2 21. Qxf2 Qxg5 22. e5 Be6 23. Qd4 Nxa2 24. Bc2 dxe5 25. Rxe5 Qf6 26.
Ng3 Rfd8 27. Qe4 g6 28. Qe1 Qf4 29. Re3 Nxb4 30. Be4 Rd4 0-1

[Event "38th Olympiad"]
[Site "Dresden GER"]
[Date "2008.11.15"]
[Round "3"]
[White "Agopov,M"]
[Black "Merritt,M"]
[Result "1-0"]
[WhiteElo "2449"]
[BlackElo "2123"]
[EventDate "2008.11.13"]

1. e4 c5 2. Nf3 Nc6 3. d4 cxd4 4. Nxd4 g6 5. c4 Nf6 6. Nc3 d6 7. Be2 Nxd4
8. Qxd4 Bg7 9. Bg5 O-O 10. Qd2 Be6 11. f3 Qa5 12. Nd5 Qxd2+ 13. Kxd2 Bxd5
14. exd5 Rfc8 15. Rac1 Rc7 16. b3 Kf8 17. g4 a5 18. Be3 Nd7 19. h4 Nc5 20.
h5 Kg8 21. Rb1 Rcc8 22. Rh3 Ra6 23. Bd3 Raa8 24. Bc2 Rab8 25. a4 Re8 26.
hxg6 hxg6 27. f4 Nd7 28. Rbh1 e6 29. dxe6 Rxe6 30. f5 gxf5 31. Bxf5 Re7 32.
Bg5 Nf6 33. Rh8+ 1-0

[Event "38th Olympiad"]
[Site "Dresden GER"]
[Date "2008.11.15"]
[Round "3"]
[White "Karttunen,M"]
[Black "Chang,E1"]
[Result "1-0"]
[WhiteElo "2411"]
[BlackElo "2056"]
[EventDate "2008.11.13"]

1. d4 d5 2. c4 e6 3. Nc3 Nf6 4. cxd5 exd5 5. Bg5 Be7 6. e3 O-O 7. Qc2 c6 8.
Bd3 h6 9. Bh4 Re8 10. Nge2 Qb6 11. O-O Nbd7 12. Rab1 Bd6 13. Bg3 Bxg3 14.
Nxg3 Nf8 15. b4 Bd7 16. b5 Qa5 17. bxc6 Bxc6 18. Rfc1 Rac8 19. Nf5 Qd8 20.
Qd1 a6 21. Qf3 Ne4 22. Bxe4 dxe4 23. Qg3 Ng6 24. Nd6 Rb8 25. d5 Re5 26.
dxc6 Qxd6 27. Nxe4 Qf8 28. cxb7 Kh7 29. Nc5 Re7 30. Qd6 Qe8 31. Qxa6 f5 32.
Qd3 Qf7 33. Qd6 Ree8 34. Nd7 1-0

[Event "38th Olympiad"]
[Site "Dresden GER"]
[Date "2008.11.15"]
[Round "3"]
[White "Kindermann,S"]
[Black "Peiris,T"]
[Result "1-0"]
[WhiteElo "2517"]
[BlackElo "2100"]
[EventDate "2008.11.13"]

1. e4 e5 2. Nf3 Nc6 3. Bc4 Bc5 4. c3 Nf6 5. d3 a6 6. Bb3 d6 7. O-O Bg4 8.
Nbd2 O-O 9. Re1 Re8 10. h3 Be6 11. Bc2 h6 12. Nf1 d5 13. exd5 Bxd5 14. Ng3
Qd7 15. b4 Bf8 16. a4 Re7 17. Bb2 Rae8 18. b5 Nd8 19. Nh4 axb5 20. axb5 b6
21. c4 Bb7 22. Nf3 Bxf3 23. Qxf3 Re6 24. d4 exd4 25. Red1 Qd6 26. Bxd4 Qb4
27. Nf5 Ne4 28. Qd3 Bc5 29. Ra4 Nxf2 30. Kxf2 Bxd4+ 31. Nxd4 Qc5 32. Kf1
Rf6+ 33. Nf3 Ne6 34. Qh7+ Kf8 35. Rd7 1-0

[Event "38th Olympiad"]
[Site "Dresden GER"]
[Date "2008.11.15"]
[Round "3"]
[White "Rajapakse,R"]
[Black "Neubauer,M"]
[Result "0-1"]
[WhiteElo "1646"]
[BlackElo "2422"]
[EventDate "2008.11.13"]

1. d4 Nf6 2. c4 e6 3. Nf3 d5 4. cxd5 exd5 5. Nc3 Bb4 6. Bg5 Nbd7 7. e3 c5
8. dxc5 Qa5 9. Qc2 Ne4 10. Rc1 Qxa2 11. Bb5 a6 12. Bxd7+ Bxd7 13. O-O Bxc3
14. bxc3 Qxc2 15. Rxc2 Rc8 16. Bf4 Rxc5 17. Be5 f6 18. Bd4 Rc7 19. Nd2 Nd6
20. f3 Kf7 21. e4 Nb5 22. Rfc1 Rhc8 23. Nb3 dxe4 24. fxe4 Be6 25. Na1 Nxd4
26. cxd4 Rxc2 27. Rxc2 Rxc2 28. Nxc2 Ba2 29. Ne3 b5 30. Kf2 a5 31. Ke2 Bb1
32. Nf5 b4 33. Kd2 g6 34. Ng3 a4 35. Kc1 Bd3 36. Kb2 a3+ 0-1

[Event "38th Olympiad"]
[Site "Dresden GER"]
[Date "2008.11.15"]
[Round "3"]
[White "Baumegger,S"]
[Black "Annurudha,G"]
[Result "1-0"]
[WhiteElo "2445"]
[BlackElo "2212"]
[EventDate "2008.11.13"]

1. d4 Nf6 2. c4 g6 3. Nc3 Bg7 4. e4 d6 5. f3 c6 6. Be3 a6 7. c5 a5 8. cxd6
exd6 9. Bd3 Na6 10. Nge2 O-O 11. O-O Re8 12. Qd2 Bd7 13. Rad1 Qc7 14. Kh1
b5 15. Rc1 Qb6 16. e5 Nd5 17. Nxd5 cxd5 18. f4 Nb4 19. Bb1 Rac8 20. Nc3 Qb7
21. Qf2 Bc6 22. Ne2 Na6 23. Ng1 b4 24. Nf3 Bb5 25. Rxc8 Rxc8 26. Re1 b3 27.
a3 Nc7 28. f5 Ne8 29. f6 Bf8 30. e6 Nxf6 31. Ng5 Bg7 32. exf7+ Kh8 33. Qh4
Qd7 34. Nxh7 Qg4 35. f8=Q+ Rxf8 36. Nxf8+ 1-0

[Event "38th Olympiad"]
[Site "Dresden GER"]
[Date "2008.11.15"]
[Round "3"]
[White "Hossain,Enam"]
[Black "Homrana,M"]
[Result "1-0"]
[WhiteElo "2494"]
[BlackElo "2001"]
[EventDate "2008.11.13"]

1. e4 e6 2. d3 d5 3. Nd2 Nf6 4. Ngf3 b6 5. c3 Be7 6. Qa4+ c6 7. e5 b5 8.
Qc2 Nfd7 9. d4 a5 10. Bd3 h6 11. Nf1 Nb6 12. Ng3 Ba6 13. Nh5 Kf8 14. h4 b4
15. Rh3 Bxd3 16. Qxd3 g6 17. Nf4 Ke8 18. Nd2 bxc3 19. bxc3 Na6 20. Rb1 Rg8
21. h5 g5 22. Qh7 Kd7 23. Ne2 Na4 24. Rb7+ Nc7 25. Qc2 1-0

[Event "38th Olympiad"]
[Site "Dresden GER"]
[Date "2008.11.15"]
[Round "3"]
[White "Chahrani,I"]
[Black "Abdulla,AlR"]
[Result "0-1"]
[WhiteElo "2314"]
[BlackElo "2522"]
[EventDate "2008.11.13"]

1. e4 e5 2. Nf3 Nc6 3. Bb5 a6 4. Ba4 Nf6 5. O-O Be7 6. Re1 b5 7. Bb3 d6 8.
c3 O-O 9. d4 Bg4 10. Be3 exd4 11. cxd4 d5 12. e5 Ne4 13. Nc3 Nxc3 14. bxc3
Qd7 15. h3 Bh5 16. a4 b4 17. g4 Bg6 18. cxb4 Nxb4 19. Bg5 Rab8 20. Re3 Kh8
21. Rc1 Be4 22. Bxe7 Qxe7 23. Ne1 f6 24. exf6 Qxf6 25. f3 Bg6 26. Rxc7 Nc6
27. Rd7 Nxd4 28. Bxd5 Rb1 29. Qd2 Nc2 30. Re6 Qh4 31. Rde7 Nxe1 32. Rxe1
Qxe7 0-1

[Event "38th Olympiad"]
[Site "Dresden GER"]
[Date "2008.11.15"]
[Round "3"]
[White "Abu Sufian,S"]
[Black "Asabri,Hu"]
[Result "0-1"]
[WhiteElo "2418"]
[BlackElo "2191"]
[EventDate "2008.11.13"]

1. e4 e5 2. Nf3 Nc6 3. Bb5 a6 4. Ba4 Nf6 5. O-O b5 6. Bb3 Bc5 7. c3 d6 8.
d4 Bb6 9. a4 Rb8 10. axb5 axb5 11. Na3 O-O 12. Nxb5 Bg4 13. Bc2 exd4 14.
Nbxd4 Nxd4 15. cxd4 d5 16. e5 Ne4 17. Qd3 f5 18. exf6 Qxf6 19. Bb3 Be6 20.
Be3 Kh8 21. Ne5 c5 22. Bc2 Bf5 23. Qd1 Bc7 24. f3 Nd6 25. Ng4 Qg6 26. Rf2
Nc4 27. Bxf5 Qxf5 28. b3 Nxe3 29. Nxe3 Qf4 30. Nf1 cxd4 31. Rd2 h6 32. Kh1
Be5 33. Ra5 Qf7 34. Rd3 Rbc8 35. g3 Bf6 36. b4 Rfe8 37. Rc5 Rxc5 38. bxc5
Qc7 39. Qc2 Rc8 40. Qe2 Qxc5 41. Kg2 Qb5 42. f4 Rc3 43. Re3 Qxe2+ 44. Rxe2
Kg8 45. h4 Kf7 46. Kf2 Kg6 47. Nh2 d3 48. Rd2 Rc2 49. Ke3 Bc3 50. Nf3 Bxd2+
51. Nxd2 Rxd2 52. Kxd2 Kf5 53. Kxd3 Kg4 54. Kd4 0-1

[Event "38th Olympiad"]
[Site "Dresden GER"]
[Date "2008.11.15"]
[Round "3"]
[White "Ghattour,M"]
[Black "Minhazuddin,A"]
[Result "0-1"]
[WhiteElo "1984"]
[BlackElo "2377"]
[EventDate "2008.11.13"]

1. e4 e5 2. Nf3 Nf6 3. Nxe5 d6 4. Nf3 Nxe4 5. Nc3 Nxc3 6. dxc3 Be7 7. Bf4
Nc6 8. Qd2 Bg4 9. O-O-O Qd7 10. Be2 O-O-O 11. h3 Be6 12. Kb1 a6 13. Rhe1 h6
14. Nd4 Nxd4 15. Qxd4 c5 16. Qe3 Rhe8 17. c4 Bf8 18. Qc3 g5 19. Bh2 f5 20.
Bh5 Bf7 21. Bf3 h5 22. Qf6 Rxe1 23. Rxe1 Bxc4 24. Qxg5 h4 25. b3 Bf7 26.
Rd1 Qe6 27. Bd5 Qd7 28. Qf6 Bxd5 29. Rxd5 Re8 30. Qxf5 Qxf5 31. Rxf5 Re1+
32. Kb2 Bg7+ 33. Ka3 Rd1 34. Rf3 b5 35. Rd3 Rb1 0-1